Aberdeen FC - Statistics

General Stats
  • This quiz has been taken 201 times
  • The average score is 9 of 20
Answer Stats
Question Answer % Correct
Which year was Aberdeen FC formed. 1903
95%
Who did Aberdeen beat in the 1983 Cup Winners Cup final. Real Madrid
82%
Who is the clubs most sussessfull manager. Sir Alex Ferguson
77%
Which player had made most appearances for the club. Willie Miller
74%
Who scored the winning penalty in the 2014 Scottish League Cup final Adam Rooney
58%
Who scored the winning goal in the above game. John Hewitt
52%
Who did Aberdeen beat in the 1983 Cup Winners Cup quarter finals. Bayern Munich
50%
Who scored in two seperate cup finals in 1983 Eric Black
45%
Who did Aberdeen beat in the above Hibernian
44%
Who did Aberdeen beat to win the 1983 European Super Cup Hamburg
40%
Who is the clubs all time top scorer. Joe Harper
40%
Which English team did Aberdeen beat in first round of 1981/82 UEFA cup Ipswich Town
38%
Which year did Aberdeen first become Scottish League Champions. 1955
35%
When did Aberdeen FC first win the Scottish Cup 1947
32%
Who scored the winning penalty in the 1990 Scottish Cup final Brian Irvine
23%
Who captained the club to victory in the 1970 Scottish Cup Martin Buchan
21%
Who scored twice in the above game. Peter Weir
21%
Who was the Aberdeen manager from 1975 to 1977 Ally Macleod
19%
Who did Aberdeen beat 5-1 in Scottish League Cup Semi Final 1976 Glasgow Rangers
7%
Who scored at hat-trick in the above game. Jocky Scott
5%
No matching quizzes found
Score Distribution
Percent of People with Each Score
Percentile by Number Answered
Your Score History
You have not taken this quiz